Statistiques concernant Les meilleurs buteurs de Ligue 2 depuis 2000

Cliquez ici pour prendre le quiz!

Statistiques générales

  • Ce quiz a été pris 26 fois
  • Le résultat moyen est 6 sur 25

Statistiques - réponses

SaisonClubNombre de butsJoueur% Correct
2022-2023FC Metz23 butsGeorge Mikautadze
80%
2020-2021
Clermont Foot 6322 butsMohamed Bayo
68%
2018-2019
Stade Brestois 2927 butsGaëtan Charbonnier
56%
2019-2022
Le Havre AC20 butsTino Kadewere
48%
2021-2022
Toulouse FC20 butsRhys Healey
44%
2009-2010
Tours FC21 butsOlivier Giroud
40%
2017-2018
Nîmes Olympique24 butsUmut Bozok
40%
2008-2009
US Boulogne18 butsGrégory Thil
28%
2007-2008Le Havre AC28 butsGuillaume Hoarau
28%
2005-2006Valenciennes FC16 butsSteve Savidan
28%
2013-2014
Tours FC24 butsAndy Delort
24%
2014-2015
Le Havre AC18 butsMickaël le Bihan
20%
2016-2017
ESTAC Troyes23 butsAdama Niane
16%
2011-2012
Stade de Reims15 butsCédric Fauré
16%
2002-2003Toulouse FC20 butsCédric Fauré
16%
2001-2002Amiens SC19 butsHamed Diallo
16%
2006-2007
Le Havre AC18 butsKandia Traoré
16%
2010-2011
Dijon Football Côte d'Or23 butsSébastian Ribas
12%
2012-2013
En Avant Guingamp22 butsMustapha Yatabaré
8%
2000-2001
FC Sochaux-Montbéliard21 butsSantos
8%
2004-2005
FC Lorient24 butsBakari Koné
4%
2015-2016Clermont Foot 6320 butsFamara Diédhiou
4%
2005-2006
Le Havre AC16 butsJean-Michel Lesage
4%
2006-2007
Le Havre AC18 butsJean-Michel Lesage
4%
2003-2004Amiens SC17 butsDavid Suarez
0%

Distribution des résultats

Percentile par nombre de réponses

% des personnes avec chaque résultat

Votre développement - résultats

Vous n’avez pas pris ce quiz